| 000 | 04204nam a22002657a 4500 | ||
|---|---|---|---|
| 005 | 20240305165512.0 | ||
| 007 | cr|||| |||| | ||
| 008 | 181026s2018 br |||||s|||| 00||0 por d | ||
| 020 | _a978-85-8183-110-7 | ||
| 035 | _a22065 | ||
| 040 | _avLex | ||
| 090 |
_c8180 _d8180 |
||
| 100 | 1 | _aSebastião, Jurandir | |
| 245 | 1 | 1 |
_aA vida, o mundo e o direito _h[Recurso electrónico] : _bLiberdade e ética igualdade e meritocracia religiosidade e ateísmo / _cJurandir Sebastião |
| 256 | _aServicio en línea | ||
| 260 |
_aSan Pablo: _bPillares, _c2018 |
||
| 300 | _a1 recurso electrónico | ||
| 500 | _aNesta 2ª edição, com propósito de deixar a leitura mais agradável, além das correções, reescrevemos tópicos e adicionamos diálogos, para melhor aclaramento dos pontos de vista. Como dito na 1ª edição, este livro destina-se às pessoas que, instintivamente, analisam condutas humanas singulares isoladas ou em grupo. Dessas análises decorrem conceitos e reflexões sobre o viver, o conviver e o deixar viver, sedimentando uma escala de valores sociais. Reafirmo que os escritores, em maioria, são otimistas. As ideologias abraçadas, mais que traço de vaidade intelectual, são lutas perenes e quixotescas contra moinhos de vento. O desejo e o impulso de melhor futuro para a humanidade são os objetivos do escrever literário ou acadêmico, analítico ou artístico, crítico ou criativo. E a ficção literária é espaço livre para registros poéticos ou prosaicos dos diferentes modos de ver, de sentir e de pensar. Mesmo porque a visão de mundo varia em razão da maturidade na vivência e da sensibilidade do olhar sobre as circunstâncias que massificam e massacram o vivente. Neste livro, a ficção se desenvolve por meio de narrativas e diálogos contemplando diferentes pontos de vista, questionando o início e o fim da vida; necessidades e possibilidades; desejos de conforto material e a indispensável contrapartida contributiva, e assim por diante. Essas multiplicidades de visão/interesse decorrem das singularidades biopsíquicas humanas. O propósito dos registros é assegurar a sobrevivência individual e a coletiva, concomitantemente. Tudo somado, o destino é único: aplaudir as condutas que se prestam para um melhor conviver. Para esse fim, a preservação das liberdades públicas pende dos necessários limites, caso a caso. Voluntários ou impostos, esses limites caracterizam ética. Em formato romanceado, este livro tem, também, viés acadêmico multidisciplinar na medida em que a linguagem coloquial bem-humorada, as análises e os diálogos críticos, zombeteiros, satíricos e/ou sarcásticos apontam rumos para o conviver. O fio norteador dos enredos é a valorização dos princípios da meritocracia e da ética. Esta, como valor cultural voltado para a solidariedade social visível e invisível. Aquela, como contraponto da igualdade, é valor biopsíquico/social. É estímulo ao empenho/desempenho com vistas à justa recompensa. A adoção de ambas ética e meritocracia resulta em convívio social pacífico, solidário e prazeroso. As narrativas e os diálogos incidindo sobre fatos reais do cotidiano enlaçam vários ramos do Direito e resvalam nas ciências da Psicologia, Medicina, Biologia, Sociologia, Política, Economia, Pedagogia, Cosmologia, Teologia e Filosofia, dentre outras. Em síntese, é leitura de lazer, de informação e de reflexão. Em propósito modesto, servir de ponte entre os que pouco sabem aos que sabem muito; e, aos acadêmicos e docentes, motivar debates. | ||
| 506 | 1 |
_aDisponible solo en los productos indicados _dvLex Global _dvLex Global (Academic Edition, excluding Law Schools) _dvLex Global (U.S. Academic Edition, Law Schools) _dvLex Global (U.S. Academic Edition, excluding Law Schools) _dvLex Global (Academic Edition, Law Schools) |
|
| 650 | 0 | 4 |
_aDerecho Civil _zBrasil |
| 650 | 0 | 4 |
_aDerecho Constitucional _zBrasil |
| 740 | 0 | _avLex Libros (Servicio en línea) | |
| 856 | 4 | 0 | _uhttps://app.vlex.com/#/sources/vida-o-mundo-e-o-direito-liberdade-e-etica-igualdade-e-meritocracia-religiosidade-e-ateismo-22065 |
| 942 | _cRAA | ||
| 999 |
_c166417 _d166417 |
||